000 00773cam a22002174a 4500
020 _a0072880082 (hdbk. : acidfree paper)
020 _a0073229725
020 _a9780072880083
020 _a9780073229720
050 0 0 _aQA39.3
_b.R67 2007
100 1 _aRosen, Kenneth H.
245 1 0 _aDiscrete mathematics and its applications /
_cKenneth H. Rosen.
250 _a6th ed.
260 _aBoston :
_bMcGraw-Hill Higher Education,
_cc2007.
300 _axxii, 843, A-15, B-7, S-90, C-1, I-18 p. :
650 0 _xMathematics.
856 4 1 _uhttp://www.loc.gov/catdir/toc/ecip0612/2006012468.html
856 4 2 _uhttp://www.loc.gov/catdir/enhancements/fy0702/2006012468-d.html
856 4 2 _uhttp://www.loc.gov/catdir/enhancements/fy0737/2006012468-b.html
942 _2lcc
_cGEN
999 _c10017
_d10017